| 000 | 00554nam a2200181Ia 4500 | ||
|---|---|---|---|
| 008 | 090124s9999 xx 000 0 und d | ||
| 082 | _b8260 | ||
| 100 | _aसिनकर श्रीकान्त | ||
| 245 | _a मी हा असा ! | ||
| 250 | _a1 | ||
| 260 |
_bमीनल प्रकाशन _c1976 |
||
| 300 | _a126 | ||
| 600 | _aसिनकर श्रीकान्त | ||
| 630 | _a मी हा असा ! | ||
| 700 | _aसिनकर श्रीकान्त | ||
| 730 | _a मी हा असा ! | ||
| 942 | _cBOOK | ||
| 999 |
_c85562 _d85562 |
||